000 00477nam a22001817a 4500
003 NUST - PNEC
005 20170116181119.0
008 150831b xxu||||| |||| 00| 0 eng d
020 _a0070044325
040 _cLIBRARY
082 _a620.11 BEE
100 _96109
_a Beer, Ferdinand P
245 _aMechanics for engineers; statics and dynamics
_cFerdinand P. Beer
250 _a4th ed.
260 _cc.1984
650 _96111
_aMechanics, Applied
_xME
942 _2ddc
_cBK
999 _c69518
_d69518